Glossari de termes tècnics i conceptes amb relació a l'art de l'esmalt, la joieria, i l'orfebreria (Registre núm. 62032)

MARC details
000 -LEADER
campo de control de longitud fija 01160aam a2200445a 44500
008 - DATOS DE LONGITUD FIJA--INFORMACIÓN GENERAL
campo de control de longitud fija 110111s2010 cat
017 ## - NÚMERO DE COPYRIGHT O DE DEPÓSITO LEGAL
Número de copyright o de depósito legal B-10180-2010
041 ## - CÓDIGO DE IDIOMA
Código de lengua del texto/banda sonora o título independiente cat
041 ## - CÓDIGO DE IDIOMA
Llengües tractades spa
080 ## - NÚMERO DE LA CLASIFICACIÓN DECIMAL UNIVERSAL
Número de la Clasificación Decimal Universal 7(038)
100 ## - ENTRADA PRINCIPAL--NOMBRE DE PERSONA
Nombre de persona Vilasís, Andreu
9 (RLIN) 66537
245 ## - MENCIÓN DEL TÍTULO
Título Glossari de termes tècnics i conceptes amb relació a l'art de l'esmalt, la joieria, i l'orfebreria
245 ## - MENCIÓN DEL TÍTULO
Mención de responsabilidad, etc. Andreu Vilasís
260 ## - PUBLICACIÓN, DISTRIBUCIÓN, ETC.
Lugar de publicación, distribución, etc. Barcelona
260 ## - PUBLICACIÓN, DISTRIBUCIÓN, ETC.
Nombre del editor, distribuidor, etc. CIDAE. Centre d'Informació i Difusió de l'Art de l'Esmalt
260 ## - PUBLICACIÓN, DISTRIBUCIÓN, ETC.
Fecha de publicación, distribución, etc. 2010
300 ## - DESCRIPCIÓN FÍSICA
Extensión 120 p.
Dimensiones 21 cm.
365 ## - PRECIO COMERCIAL
Cantidad 12
365 ## - PRECIO COMERCIAL
Código de moneda euros
490 ## - MENCIÓN DE SERIE
Mención de serie Saber Fer;
Designación de volumen o secuencia 5
500 ## - NOTA GENERAL
Nota general Remissions
500 ## - NOTA GENERAL
Nota general Vocabulari castellà-català
520 ## - RESUMEN, ETC.
Nombre de termes aprox. 900
546 ## - NOTA DE IDIOMA
Llengua de les definicions català
591 ## - Codi de font
Codi de font 8001
592 ## - Tipus obra
Tipus d'obra Obra terminològica
593 ## - Codi CGAT
Codi de la CGAT JI
593 ## - Codi CGAT
Codi de la CGAT UEE
594 ## - Número de document
Número de document 8001
650 ## - PUNTO DE ACCESO ADICIONAL DE MATERIA--TÉRMINO DE MATERIA
Término de materia o nombre geográfico como elemento de entrada esmalt
9 (RLIN) 66557
650 ## - PUNTO DE ACCESO ADICIONAL DE MATERIA--TÉRMINO DE MATERIA
Término de materia o nombre geográfico como elemento de entrada joieria
9 (RLIN) 61141
650 ## - PUNTO DE ACCESO ADICIONAL DE MATERIA--TÉRMINO DE MATERIA
Término de materia o nombre geográfico como elemento de entrada orfebreria
9 (RLIN) 71220
830 ## - PUNTO DE ACCESO ADICIONAL DE SERIE-TÍTULO UNIFORME
Título uniforme Saber Fer;
Designación de volumen o secuencia 5
9 (RLIN) 71219
901 ## - ELEMENTOS DE DATOS A LOCAL LDA (RLIN)
c <2010>
902 ## - ELEMENTOS DE DATOS B LOCAL, LDB (RLIN)
a 110111
942 ## - ELEMENTOS DE ENTRADA SECUNDARIOS (KOHA)
Tipo de ítem Koha Monografia
Suprimir en OPAC No
Fons
Estatus retirado Estado de pérdida Estado de daño No para préstamo Biblioteca de origen Biblioteca actual Fecha de adquisición Total de préstamos Signatura topográfica completa Código de barras Visto por última vez Precio de reemplazo Tipo de ítem Koha
        TERMCAT TERMCAT 11/01/2011   UEE 1 11107 30/09/2021 30/09/2021 MO